000 00722cam a22002293a 4500
001 39179
003 PGUSA
005 20140828083853.0
008 120317s2012||||xxu|||||s|||||000 | eng d
040 _aPGUSA
_beng
042 _adc
050 4 _aD
100 1 _aWillis, Nathaniel Parker,
_d1806-1867
245 1 0 _aPencillings by the Way :
_bWritten During Some Years of Residence and Travel in Europe
_h[electronic resource] /
_cNathaniel Parker Willis
260 _bProject Gutenberg,
_c2012
506 _aPublic domain in the USA.
516 _aElectronic text
653 _aEurope -- Description and travel
830 0 _aProject Gutenberg
_v39179
856 4 0 _uhttp://www.gutenberg.org/ebooks/39179
942 _cEB
999 _c268432
_d268432